Bibliografia di Don Giacomo Alberione (Record n. 37594)

Dettagli MARC
000 -LEADER
fixed length control field 00595nam a22001697a 4500
003 - CONTROL NUMBER IDENTIFIER
control field IT-RoPau
005 - DATE AND TIME OF LATEST TRANSACTION
control field 20220918175936.0
008 - FIXED-LENGTH DATA ELEMENTS--GENERAL INFORMATION
fixed length control field 121203b xxu||||| |||| 00| 0 eng d
040 ## - CATALOGING SOURCE
Transcribing agency IT-RoPau
100 ## - MAIN ENTRY--PERSONAL NAME
Personal name Damino Andrea
Titles and words associated with a name ssp
9 (RLIN) 51
245 ## - TITLE STATEMENT
Title Bibliografia di Don Giacomo Alberione
250 ## - EDITION STATEMENT
Edition statement 1° ed.
260 ## - PUBLICATION, DISTRIBUTION, ETC. (IMPRINT)
Place of publication, distribution, etc. Roma
Name of publisher, distributor, etc. Edizioni dell'Archivio Storico Generale della Famiglia Paolina
Date of publication, distribution, etc. 1979
300 ## - PHYSICAL DESCRIPTION
Extent 128 p. + 45 p.
Dimensions 18 cm
520 ## - SUMMARY, ETC.
Summary, etc. INDICE<br/>Introduzione;<br/>Parte I-Prima serie (1933-1946);<br/>Parte II-Seconda serie (1947-1969);<br/>Parte III-Gli opuscoli,gli inediti.
942 ## - ADDED ENTRY ELEMENTS (KOHA)
Source of classification or shelving scheme Dewey Decimal Classification
Koha item type LIBRO
Dati di copia
Withdrawn status Lost status Source of classification or shelving scheme Damaged status Not for loan Home library Current library Date acquired Total Checkouts Full call number Date last seen Price effective from Koha item type
    Dewey Decimal Classification Buone Condizioni Not For Loan PAULUS-BIBLIOTECA PAULUS-BIBLIOTECA 03/12/2012   P A6 03/12/2012 03/12/2012 LIBRO
CREDITS: SOCIETA' SAN PAOLO Via A.Severo, 58 - ROMA (RM) & PERIODICI SAN PAOLO SRL Via Giotto, 36 MILANO & CISF Via Giotto, 36 MILANO & EDIZIONI SAN PAOLO SRL,  Piazza Soncino, 5 CINISELLO BALSAMO (MI) -- ITALY